000 00957cab a2200253 4500
001 ABS60197
008 090401t1999 xxu||||| |||| 00| 0 eng d
035 _a(Sirsi) u99740
041 _aeng
100 _aGood, B.
245 _aElusive localities
260 _c1999
350 _a0
490 _aJournal of Institute of Rent Officers
_v29(6) February 1999, 6-7(2)
520 _aReviews the decision in "Queensway Housing Association Limited v Chiltern, Thames & Eastern Rent Assessment". Presents the principal facts of the case and calls for greater clarity in the law when dealing with assessment of fair rent cases.
650 _aCHILTERN, THAMES AND EASTERN RENT ASSESSMENT
650 _aFAIR RENTS
650 _aLITIGATION
650 _aQUEENSWAY HOUSING ASSOCIATION LTD
650 _aSPATH HOLME
690 _aPROPERTY-RESIDENTIAL PROPERTY-RESIDENTIAL LANDLORD AND TENANT-RESIDENTIAL TENANCIES
942 _n0
948 _c05/03/1999
999 _c59976
_d59976